The financial development of Mexico.

Gespeichert in:
Bibliographische Detailangaben
1. Verfasser: Goldsmith, Raymond W. (autor)
Format: Buch
Sprache:Englisch
Schlagworte:
Tags: Tag hinzufügen
Keine Tags, Fügen Sie das erste Tag hinzu!

MARC

LEADER 00000cam^a2200000uu^4500
001 000492458
005 20250521000000.0
008 050901s1966^^^^^^^^^^^^rd^r^^000^0^eng^d
009 20260310125440.915
035 |a FCE 000035751 
035 |a FCE 035793 
037 |a Acervo ITESO - Biblioteca 
041 |a eng 
082 0 4 |a 331.972  |b D768f 
100 |a Goldsmith, Raymond W.  |e (autor) 
245 1 4 |a The financial development of Mexico. 
264 |a París :  |b Development Centre of the organisation for Economic Co-operation and Development,  |c 1966. 
300 |a 114 p. 
336 |a texto  |b txt  |2 rdacontenido 
337 |a sin mediación  |b n  |2 rdamedio 
338 |a volumen  |b nc  |2 rdasoporte 
649 |a XX 
650 |a Economía 
650 |a Desarrollo económico 
910 |a Fondo Centro de Estudios Educativos 
920 |a Impresos - Libros 
930 |a Fondos Especiales 
905 |a 133 
901 |a ALE035793  |b IT2  |c CEE  |u 20250521 
902 |a https://opac.biblio.iteso.mx/vufind/Record/000492458